| 000 | 00525nam a2200193Ia 4500 | ||
|---|---|---|---|
| 003 | OSt | ||
| 005 | 20250214112402.0 | ||
| 008 | 210210b1941 xxu||||| |||| 00| 0 eng d | ||
| 040 | _cAL | ||
| 041 | _ahin | ||
| 082 | _a868/29 | ||
| 100 |
_aNEHRU (Mahanlal) _9199657 |
||
| 110 |
_b नेहरू महनलाल _9199658 |
||
| 245 |
_aMotilal nehru: _bमोतीलाल नेहरू |
||
| 260 |
_aPrayag _bChatrhitakari Pustakmala _c1941 |
||
| 690 |
_aBiography _9199661 |
||
| 906 | _a023754 | ||
| 942 |
_2ddc _cBK |
||
| 999 |
_c148719 _d148719 |
||